Statistics for Mario Kart Wii Charcters

Click here to take the quiz!

General Stats

  • This quiz has been taken 133 times
  • The average score is 22 of 24

Answer Stats

ClueAnswer% Correct
Main Character's BrotherLuigi
100%
Main CharacterMario
100%
PrincessPrincess Peach
100%
Child version of aboveBaby Peach
99%
Child version of aboveBaby Mario
98%
Mushroom HeadToad
98%
Child version of aboveBaby Luigi
97%
Main AntagonistBowser
97%
Another PrincessDaisy
97%
GorillaDonkey Kong
97%
Child version of aboveBaby Daisy
96%
Fat With Yellow HatWario
96%
DinosaurYoshi
95%
Lanky With Purple HatWaluigi
94%
Woman Mushroom HeadToadette
92%
Skeleton TurtleDry Bones
89%
Main Antagonist's SonBowser Jr
88%
Skeleton Version of AntagonistDry Bowser
88%
GhostKing Boo
88%
Small ChimpDiddy Kong
87%
Gorilla with SunglassesFunky Kong
86%
Super Mario GalaxyRosalina
85%
Turtle Like CreatureKoopa Troopa
82%
Purple BirdBirdo
80%

Score Distribution

Percentile by Number Answered

Percent of People with Each Score

Your Score History

You have not taken this quiz